| 000 | 00916nas a2200289 4500 | ||
|---|---|---|---|
| 001 | BR0401792 | ||
| 003 | BR-BrBNA | ||
| 005 | 20231205104432.0 | ||
| 007 | ta | ||
| 008 | 230509b bl.|||p| |||| 00| 00por d | ||
| 040 |
_aBR-BrBNA _bpor _cBiblioteca Nacional de Agricultura |
||
| 041 | _a(Pt) | ||
| 072 | _aP33 | ||
| 100 | 1 | _aFernandes, H.C. | |
| 100 | 1 | _aVitória, E.L. da | |
| 245 | 1 | _aAvaliação dos níveis de compactação de um solo florestal em relação à trafegabilidade das máquinas | |
| 650 | _aMÁQUINA AGRÍCOLA | ||
| 650 | _aEQUIPAMENTO FLORESTAL | ||
| 650 | _aCOMPACTAÇÃO DO SOLO | ||
| 650 | _aRESISTÊNCIA | ||
| 650 | _aPROPRIEDADE FÍSICO-QUÍMICA | ||
| 650 | _aPROPRIEDADE MECÂNICA | ||
| 650 | _aMINAS GERAIS | ||
| 773 | 0 |
_tRevista Árvore (Brazil) _xISSN 0100-6762 _g(1998), v. 22(4) p. 521-526 _wBR0401792 |
|
| 909 |
_a202311 _bLúcia _c55 _dLúcia Elande |
||
| 942 |
_2AGRIS _n0 _cANA |
||
| 999 |
_c178134 _d178134 |
||